Jerusalem und Athen: Meister Eckharts Transformation der aristotelischen Lehre von der Seele, der Vernunft und vom guten Leben
| Authors: | ; |
|---|---|
| Format: | Print Book |
| Language: | German |
| Subito Delivery Service: | Order now. |
| Check availability: | HBZ Gateway |
| WorldCat: | WorldCat |
| Interlibrary Loan: | Interlibrary Loan for the Fachinformationsdienste (Specialized Information Services in Germany) |
| Published: |
Stuttgart
Verlag W. Kohlhammer
2022
|
| In: |
Meister Eckharts Wirkung (Band 1)
Year: 2022 |
| Edition: | 1. Auflage |
| Series/Journal: | Meister Eckharts Wirkung
Band 1 |
| Standardized Subjects / Keyword chains: | B
Aristoteles 384 BC-322 BC
/ Soul
/ Reason
/ Good living (motif)
/ Philosophy
/ Reception
/ Eckhart Meister 1260-1328
B Aristotelism / Neoplatonism / Reception / Eckhart, Master 1260-1328, Expositio sancti evangelii secundum Iohannem B Eckhart Meister 1260-1328 / Soul / Reason / Ethics / Philosophical anthropology / Aristotelism / Mysticism |
| Further subjects: | B
Soul music
B Eckhart Master (-1327) B Mysticism Christianity B Life Moral and ethical aspects |
| Online Access: |
Table of Contents Blurb Unbekannt (Publisher) |
MARC
| LEADER | 00000cam a2200000 c 4500 | ||
|---|---|---|---|
| 001 | 1780035179 | ||
| 003 | DE-627 | ||
| 005 | 20251226200125.0 | ||
| 007 | tu | ||
| 008 | 211201s2022 gw ||||| 00| ||ger c | ||
| 015 | |a 21,N48 |2 dnb | ||
| 016 | 7 | |a 1246381885 |2 DE-101 | |
| 020 | |a 9783170420564 |c auf Umschlag : circa EUR 59.00 (DE), circa EUR 60.70 (AT) |9 978-3-17-042056-4 | ||
| 020 | |a 9783170410589 |c im Impressum (doppelt vergeben) |9 978-3-17-041058-9 | ||
| 020 | |a 3170420569 |9 3-17-042056-9 | ||
| 024 | 3 | |a 9783170420564 | |
| 035 | |a (DE-627)1780035179 | ||
| 035 | |a (DE-599)DNB1246381885 | ||
| 035 | |a (OCoLC)1286820485 | ||
| 040 | |a DE-627 |b ger |c DE-627 |e rda | ||
| 041 | |a ger | ||
| 044 | |c XA-DE-BW | ||
| 050 | 0 | |a B765.E34 | |
| 082 | 0 | |a 189.5 |q DE-101 | |
| 082 | 0 | 4 | |a 100 |a 230 |q DE-101 |
| 084 | |a 1 |2 ssgn | ||
| 084 | |a BM 5501 |2 rvk |0 (DE-625)rvk/12696:11597 | ||
| 084 | |a 08.37 |2 bkl | ||
| 084 | |a 08.21 |2 bkl | ||
| 084 | |a 11.55 |2 bkl | ||
| 084 | |a 08.22 |2 bkl | ||
| 100 | 1 | |e VerfasserIn |0 (DE-588)1147780153 |0 (DE-627)1007183241 |0 (DE-576)496035541 |4 aut |a Langer, Claudia |d 1947- | |
| 109 | |a Langer, Claudia 1947- |a Wolff, Claudia Margarete 1947- |a Langer, Claudia Margarete 1947- | ||
| 245 | 1 | 0 | |a Jerusalem und Athen |b Meister Eckharts Transformation der aristotelischen Lehre von der Seele, der Vernunft und vom guten Leben |c Claudia Langer, Otto Langer |
| 250 | |a 1. Auflage | ||
| 264 | 1 | |a Stuttgart |b Verlag W. Kohlhammer |c 2022 | |
| 300 | |a 474 Seiten | ||
| 336 | |a Text |b txt |2 rdacontent | ||
| 337 | |a ohne Hilfsmittel zu benutzen |b n |2 rdamedia | ||
| 338 | |a Band |b nc |2 rdacarrier | ||
| 490 | 1 | |a Meister Eckharts Wirkung |v Band 1 | |
| 500 | |a Falsche ISBN im Impressum vorhanden, korrekte Nummern auf Errata | ||
| 583 | 1 | |a Archivierung/Langzeitarchivierung gewährleistet |f PEBW |x XA-DE-BW |2 pdager |5 DE-24 | |
| 583 | 1 | |a Archivierung/Langzeitarchivierung gewährleistet |f FID |x XA-DE-BW |2 pdager |5 DE-21 | |
| 600 | 1 | 0 | |a Eckhart |c Meister |d -1327 |2 DLC |
| 601 | |a Jerusalem | ||
| 601 | |a Transformation | ||
| 650 | 0 | |a Mysticism |x Christianity |2 DLC | |
| 650 | 0 | |a Soul |2 DLC | |
| 650 | 0 | |a Life |x Moral and ethical aspects |2 DLC | |
| 689 | 0 | 0 | |d p |0 (DE-588)118650130 |0 (DE-627)133767531 |0 (DE-576)16009996X |2 gnd |a Aristoteles |d v384-v322 |
| 689 | 0 | 1 | |d s |0 (DE-588)4054146-0 |0 (DE-627)106163752 |0 (DE-576)209107626 |2 gnd |a Seele |
| 689 | 0 | 2 | |d s |0 (DE-588)4063106-0 |0 (DE-627)106129074 |0 (DE-576)209147369 |2 gnd |a Vernunft |
| 689 | 0 | 3 | |d s |0 (DE-588)4494281-3 |0 (DE-627)24191311X |0 (DE-576)213011158 |2 gnd |a Gutes Leben |
| 689 | 0 | 4 | |d s |0 (DE-588)4045791-6 |0 (DE-627)106200259 |0 (DE-576)209066873 |2 gnd |a Philosophie |
| 689 | 0 | 5 | |d s |0 (DE-588)4049716-1 |0 (DE-627)104675152 |0 (DE-576)209083182 |2 gnd |a Rezeption |
| 689 | 0 | 5 | |d p |0 (DE-588)118528823 |0 (DE-627)079329683 |0 (DE-576)345150929 |2 gnd |a Eckhart |c Meister |d 1260-1328 |
| 689 | 0 | |5 DE-101 | |
| 689 | 1 | 0 | |d s |0 (DE-588)4002917-7 |0 (DE-627)106391550 |0 (DE-576)208849262 |2 gnd |a Aristotelismus |
| 689 | 1 | 1 | |d s |0 (DE-588)4041862-5 |0 (DE-627)106217100 |0 (DE-576)209047348 |2 gnd |a Neuplatonismus |
| 689 | 1 | 2 | |d s |0 (DE-588)4049716-1 |0 (DE-627)104675152 |0 (DE-576)209083182 |2 gnd |a Rezeption |
| 689 | 1 | 3 | |d u |0 (DE-588)4632011-8 |0 (DE-627)327988150 |0 (DE-576)214466728 |a Eckhart |2 gnd |c Meister |d 1260-1328 |t Expositio sancti evangelii secundum Iohannem |
| 689 | 1 | |5 DE-101 | |
| 689 | 2 | 0 | |d p |0 (DE-588)118528823 |0 (DE-627)079329683 |0 (DE-576)345150929 |2 gnd |a Eckhart |c Meister |d 1260-1328 |
| 689 | 2 | 1 | |d s |0 (DE-588)4054146-0 |0 (DE-627)106163752 |0 (DE-576)209107626 |2 gnd |a Seele |
| 689 | 2 | 2 | |d s |0 (DE-588)4063106-0 |0 (DE-627)106129074 |0 (DE-576)209147369 |2 gnd |a Vernunft |
| 689 | 2 | 3 | |d s |0 (DE-588)4015602-3 |0 (DE-627)106335987 |0 (DE-576)208912614 |2 gnd |a Ethik |
| 689 | 2 | 4 | |d s |0 (DE-588)4045798-9 |0 (DE-627)106200232 |0 (DE-576)20906689X |2 gnd |a Philosophische Anthropologie |
| 689 | 2 | 5 | |d s |0 (DE-588)4002917-7 |0 (DE-627)106391550 |0 (DE-576)208849262 |2 gnd |a Aristotelismus |
| 689 | 2 | 6 | |d s |0 (DE-588)4041003-1 |0 (DE-627)104559519 |0 (DE-576)209043008 |2 gnd |a Mystik |
| 689 | 2 | |5 (DE-627) | |
| 700 | 1 | |e VerfasserIn |0 (DE-588)1030215200 |0 (DE-627)734921357 |0 (DE-576)161906745 |4 aut |a Langer, Otto |d 1937- | |
| 776 | 1 | |z 9783170420571 |c E-Book | |
| 776 | 1 | |z 9783170410596 |c E-Book im Impressum (doppelt vergeben) | |
| 830 | 0 | |a Meister Eckharts Wirkung |v Band 1 |9 1 |w (DE-627)1800279035 |w (DE-600)3117107-2 |x 2751-1960 |7 am | |
| 856 | 4 | 2 | |u http://www.kohlhammer.de/wms/instances/KOB/appDE/nav_product.php?product=978-3-17-042056-4 |m X:MVB |v 2021-12-01 |x Verlag |3 Unbekannt |7 1 |
| 856 | 4 | 2 | |u https://d-nb.info/1246381885/04 |m B:DE-101 |q application/pdf |v 2022-05-11 |x Verlag |3 Inhaltsverzeichnis |7 1 |
| 856 | 4 | 2 | |u https://swbplus.bsz-bw.de/bsz1780035179kla.htm |m V:DE-576 |m B:DE-21 |v 20220603194345 |3 Klappentext |7 1 |
| 935 | |a mteo | ||
| 936 | r | v | |a BM 5501 |b Sekundärliteratur |k Theologie und Religionswissenschaften |k Theologie des geistlichen Lebens |k Quellen zur Theologie des geistlichen Lebens |k Spätmittelalter (14.-15. Jahrhundert) |k Einzelne Autoren |k Autoren E |k Eckhart, Meister OP (+ vor 1328) |k Sekundärliteratur |0 (DE-627)1270672126 |0 (DE-625)rvk/12696:11597 |0 (DE-576)200672126 |
| 936 | b | k | |a 08.37 |j Religionsphilosophie |0 (DE-627)106405578 |
| 936 | b | k | |a 08.21 |j Griechische Philosophie |j römische Philosophie |0 (DE-627)106402579 |
| 936 | b | k | |a 11.55 |j Protestantismus |0 (DE-627)106403907 |
| 936 | b | k | |a 08.22 |j Mittelalterliche Philosophie |q DA-3 |0 (DE-627)106415255 |
| 951 | |a BO | ||
| ELC | |b 1 | ||
| ITA | |a 1 |t 1 | ||
| LOK | |0 000 xxxxxcx a22 zn 4500 | ||
| LOK | |0 001 4130187724 | ||
| LOK | |0 003 DE-627 | ||
| LOK | |0 004 1780035179 | ||
| LOK | |0 005 20220601104916 | ||
| LOK | |0 008 220509||||||||||||||||ger||||||| | ||
| LOK | |0 040 |a DE-21 |c DE-627 |d DE-21 | ||
| LOK | |0 852 |a DE-21 | ||
| LOK | |0 852 1 |c 62 A 2838 |9 00 | ||
| LOK | |0 935 |a theo | ||
| LOK | |0 938 |a 2206 |f 2 | ||
| LOK | |0 939 |a 09-05-22 |b l01 | ||
| LOK | |0 000 xxxxxcx a22 zn 4500 | ||
| LOK | |0 001 4136382030 | ||
| LOK | |0 003 DE-627 | ||
| LOK | |0 004 1780035179 | ||
| LOK | |0 005 20220519231101 | ||
| LOK | |0 008 220513||||||||||||||||ger||||||| | ||
| LOK | |0 040 |a DE-Tue135 |c DE-627 |d DE-Tue135 | ||
| LOK | |0 092 |o n | ||
| LOK | |0 852 |a DE-Tue135 | ||
| LOK | |0 852 1 |9 00 | ||
| LOK | |0 935 |a ixbt | ||
| LOK | |0 939 |a 13-05-22 |b l01 | ||
| ORI | |a SA-MARC-ixtheoa001.raw | ||
| REL | |a 1 | ||
| STA | 0 | 0 | |a Aristotelism,Ethics,Ethics,Moral philosophy,Philosophical Ethics,Ethics,Good living (motif),Good living,Good life,Successful life,Mysticism,Mysticism,Mysticism in literature,Mysticism in art,Mysticism and literature,Mysticism and poetry,Neoplatonism,Platonism,Philosophical anthropology,Anthropology,Philosophy,Philosophy in literature,Reason,Reason,Reception,Reception,Impact,Afterlife,Soul music,Soul,Soul,Soul in art |
| STB | 0 | 0 | |a Anthropologie philosophique,Aristotélisme,Bonne vie (motif),Bonne vie,Vie agréable,Vie agréable,Mystique,Mystique,Mystique et littérature,Mystique et poésie,Néoplatonisme,Philosophie,Philosophie,Raison,Raison,Réception <scientifique>,Réception <scientifique>,Influence intellectuelle,Influence intellectuelle,Influence intellectuelle (motif),Influence intellectuelle,Soul music,Âme,Âme,Éthique,Éthique,Morale,Morale,Morale |
| STC | 0 | 0 | |a Alma,Alma,Antropología filosófica,Aristotelismo,Bien-Vivir,Filosofía,Filosofía,Mística,Mística,Literatura mística,Misticismo,Misticismo,Música soul,Neoplatonismo,Razón,Razón,Recepción,Recepción,Ética,Ética,Ética moderna |
| STD | 0 | 0 | |a Anima,Anima,Antropologia filosofica,Aristotelismo,Etica,Etica,Filosofia,Filosofia,Mistica,Mistica,Neoplatonismo,Ragione,Ragione,Ricezione,Ricezione,Soul,Soul,Vita buona |
| STE | 0 | 0 | |a 亚里士多德主义,亚里士多德学派,伦理学,道德哲学,道德学,哲学,哲学人类学,接受,接收,新柏拉图主义,灵魂,灵魂,精神,精神,理性,理智,神秘主义,神秘主义,密契主义,密契主义,美好生活,美好人生 |
| STF | 0 | 0 | |a 亞里士多德主義,亞里士多德學派,倫理學,道德哲學,道德學,哲學,哲學人類學,接受,接收,新柏拉圖主義,理性,理智,神秘主義,神秘主義,密契主義,密契主義,美好生活,美好人生,靈魂,靈魂,精神,精神,靈魂樂 |
| STG | 0 | 0 | |a Alma,Alma,Antropologia filosófica,Aristotelismo,Bem-Viver,Filosofia,Filosofia,Mística,Mística,Música soul,Neoplatonismo,Razão,Razão,Recepção,Recepção,Ética,Ética |
| STH | 0 | 0 | |a Аристотелизм,Восприятие (мотив),Восприятие,Душа (мотив),Душа,Здравый смысл,Здравый смысл,Рассудок,Рассудок (мотив),Мистика (мотив),Мистика,Неоплатонизм,Соул,Философия (мотив),Философия,Философская антропология,Хорошая жизнь,Этика (мотив),Этика |
| STI | 0 | 0 | |a Αποδοχή (μοτίβο),Αποδοχή,Αριστοτελισμός,Ηθική (μοτίβο),Ηθική,Καλή ζωή,Λογική (μοτίβο),Λογική,Μυστικισμός <μοτίβο>,Μυστικισμός,Αποκρυφισμός (μοτίβο),Νεοπλατωνισμός,Σόουλ,Φιλοσοφία (μοτίβο),Φιλοσοφία,Φιλοσοφική ανθρωπολογία,Ψυχή (μοτίβο),Ψυχή |
| SUB | |a REL | ||
| SYG | 0 | 0 | |a Aristoteles,Stagirites,v384-v322,Aristoteles,Atheniensis,v384-v322,Aristoteles,Philosophus,v384-v322,Aristoteles,Pellaeus,v384-v322,Aristote,de Stagyre,v384-v322,Aristoteles,von Stagiros,v384-v322,Aristoteles,von Stageira,v384-v322,Aristoteles,Schüler Platons,v384-v322,Aristoteles,von Stageiros,v384-v322,Aristoteles,Philosoph,v384-v322,Aristoteles,Stagirita,v384-v322,Arystoteles,v384-v322,Arestoteles,v384-v322,Arasṭū,v384-v322,Aristū,v384-v322,Arisṭū,v384-v322,Arisṭāṭālīs,v384-v322,Aristotelʹ,v384-v322,Yalishiduode,v384-v322,Aristoteles,Stagyrites,v384-v322,Aristoteles,de Stagyre,v384-v322,Aristotelus,v384-v322,Pseudo Aristotele,v384-v322,Pseudo Aristóteles,v384-v322,Ps-Aristoteles,v384-v322,Pseudoaristoteles,v384-v322,Aristóteles,v384-v322,Aristotelis,v384-v322,Aristüţālis,v384-v322,Aristotelēs,v384-v322,Arisṭūṭālīs,v384-v322,Aristotel,v384-v322,Aristote,v384-v322,Aristotle,v384-v322,Aristotele,v384-v322,Pseudo-Aristote,v384-v322,Pseudo-Aristotele,v384-v322,Aristotile,v384-v322,Aristòtil,v384-v322,Pseudo-Aristoteles,v384-v322 , Seelenlehre , Gelungenes Leben,Geglücktes Leben , Philosophy,Philosophieren , Fortwirken,Nachwirkung,Nachleben,Wirkungsgeschichte,Aneignung , Eckart,Meister,1260-1328,Eckehart,Meister,1260-1328,Eckhardt,Meister,1260-1328,Eccardus,Magister,1260-1328,Eccart,Magister,1260-1328,Echardus,de Hochheim,1260-1328,Eckart,Maître,1260-1328,Eckhart,der Meister,1260-1328,Eckhart,von Hochheim,1260-1328,Meister, Eckhart,1260-1328,Eckhart,Maître,1260-1328,Eckardus,1260-1328,Eckhardus,Magister,1260-1328,Eckardus,Magister,1260-1328,Aicardus,Magister,1260-1328,Aycardus,Magister,1260-1328,Haycardus,Magister,1260-1328,Eckardus,de Hochheim,1260-1328,Eckhard,Meester,1260-1328,Eckehart,Meester,1260-1328,Eckehart,Mäster,1260-1328,Eckhart,Meester,1260-1328,Eckhart,Mester,1260-1328,Eckhart,Mistr,1260-1328,Eckhart,Mistrz,1260-1328,Eckhart,Maestro,1260-1328,Ekeharts,Meisters,1260-1328,Eckhart,Mojster,1260-1328,Ekhart,Majstor,1260-1328,Ekchart,Majster,1260-1328,Eckhardt,Doctor,1260-1328,Eckhardt,Doktor,1260-1328,Eckhart,Mestre,1260-1328,Ai ke ha,1260-1328,Aikeha,1260-1328,Meister Eckhart,1260-1328,Aychardus,1260-1328,Eckhart, Johannes,1260-1328,Equardus,1260-1328,Pseudo-Eckardus,1260-1328,Eckehart,1260-1328,Eckhardt,1260-1328,Eccardus,1260-1328,Echardus,1260-1328,Eccart,1260-1328,Meister Eckehart,1260-1328,Frater Ekhardus,1260-1328,Magister Eckhart,1260-1328,Echehart,1260-1328,Ekhardus,1260-1328,Eckehard,1260-1328,Meister Eckart,1260-1328,Eckhart,1260-1328,Eckart,1260-1328,Eckardus (Magister),1260-1328,Eckhardus (Magister),1260-1328,Echardus (de Hochheim),1260-1328,Eckehart (Meister),1260-1328,Eccart (Magister),1260-1328,Eckart (Meister),1260-1328,Eckhart (von Hochheim),1260-1328,Eccardus (Magister),1260-1328,Aicardus (Magister),1260-1328,Haycardus (Magister),1260-1328,Aycardus (Magister),1260-1328,Eckhart (Meister),1260-1328,Eckhardt (Meister),1260-1328,Echardus, Magister,1260-1328,Ekkehart, Meister,1260-1328,Eckehardt, Meister,1260-1328,Eckehart von Hochheim,1260-1328,Echardus,Magister,1260-1328,Eckard,Meister,1260-1328,Ekhart, Meister,1260-1328,Ma i seu teu ui Eg ka leu teu,1260-1328,Egkaleuteu,Maiseuteuui,1260-1328,Ekk'arŭt'ŭŭi,Maisŭt'ŭŭi,1260-1328 , Neuaristotelismus,Neoaristotelismus , Neoplatonismus,Platonismus , Fortwirken,Nachwirkung,Nachleben,Wirkungsgeschichte,Aneignung , Eckhart,Meister,1260-1328,Opus tripartitum,Expositio sancti evangelii secundum Iohannem,Eckhart,Meister,1260-1328,Expositio sancti evangelii secundum Johannem,Eckhart,Meister,1260-1328,Commento al Vangelo di Giovanni,Eckhart,Meister,1260-1328,Commentaire sur le saint Évangile de Jean,Eckhart,Meister,1260-1328,Expositio sancti Evangelii secundum Joannem,Eckhart,Meister,1260-1328,In Evangelium Johannis,Eckhart,Meister,1260-1328,Commentary on John,Eckhart,Meister,1260-1328,Commentaire de l'Évangile selon Jean,Eckhart,Meister,1260-1328,Commentaire de l'Évangile de Jean , Eckart,Meister,1260-1328,Eckehart,Meister,1260-1328,Eckhardt,Meister,1260-1328,Eccardus,Magister,1260-1328,Eccart,Magister,1260-1328,Echardus,de Hochheim,1260-1328,Eckart,Maître,1260-1328,Eckhart,der Meister,1260-1328,Eckhart,von Hochheim,1260-1328,Meister, Eckhart,1260-1328,Eckhart,Maître,1260-1328,Eckardus,1260-1328,Eckhardus,Magister,1260-1328,Eckardus,Magister,1260-1328,Aicardus,Magister,1260-1328,Aycardus,Magister,1260-1328,Haycardus,Magister,1260-1328,Eckardus,de Hochheim,1260-1328,Eckhard,Meester,1260-1328,Eckehart,Meester,1260-1328,Eckehart,Mäster,1260-1328,Eckhart,Meester,1260-1328,Eckhart,Mester,1260-1328,Eckhart,Mistr,1260-1328,Eckhart,Mistrz,1260-1328,Eckhart,Maestro,1260-1328,Ekeharts,Meisters,1260-1328,Eckhart,Mojster,1260-1328,Ekhart,Majstor,1260-1328,Ekchart,Majster,1260-1328,Eckhardt,Doctor,1260-1328,Eckhardt,Doktor,1260-1328,Eckhart,Mestre,1260-1328,Ai ke ha,1260-1328,Aikeha,1260-1328,Meister Eckhart,1260-1328,Aychardus,1260-1328,Eckhart, Johannes,1260-1328,Equardus,1260-1328,Pseudo-Eckardus,1260-1328,Eckehart,1260-1328,Eckhardt,1260-1328,Eccardus,1260-1328,Echardus,1260-1328,Eccart,1260-1328,Meister Eckehart,1260-1328,Frater Ekhardus,1260-1328,Magister Eckhart,1260-1328,Echehart,1260-1328,Ekhardus,1260-1328,Eckehard,1260-1328,Meister Eckart,1260-1328,Eckhart,1260-1328,Eckart,1260-1328,Eckardus (Magister),1260-1328,Eckhardus (Magister),1260-1328,Echardus (de Hochheim),1260-1328,Eckehart (Meister),1260-1328,Eccart (Magister),1260-1328,Eckart (Meister),1260-1328,Eckhart (von Hochheim),1260-1328,Eccardus (Magister),1260-1328,Aicardus (Magister),1260-1328,Haycardus (Magister),1260-1328,Aycardus (Magister),1260-1328,Eckhart (Meister),1260-1328,Eckhardt (Meister),1260-1328,Echardus, Magister,1260-1328,Ekkehart, Meister,1260-1328,Eckehardt, Meister,1260-1328,Eckehart von Hochheim,1260-1328,Echardus,Magister,1260-1328,Eckard,Meister,1260-1328,Ekhart, Meister,1260-1328,Ma i seu teu ui Eg ka leu teu,1260-1328,Egkaleuteu,Maiseuteuui,1260-1328,Ekk'arŭt'ŭŭi,Maisŭt'ŭŭi,1260-1328 , Seelenlehre , Ethics,Moral,Morality,Moralphilosophie,Tugend,Wertethik,Ethische Theorie,Moral,Philosophische Ethik,Sittenlehre,Moralphilosophie , Anthropologie , Neuaristotelismus,Neoaristotelismus |
| TIM | |a 100013110101_100013131231 |b 1311 - 1313 | ||



